| 000 | 00558nam a2200193 a 4500 | ||
|---|---|---|---|
| 005 | 20210223121740.0 | ||
| 008 | 991125s1990 bar 000 0 spa u | ||
| 020 | _a8475093841 | ||
| 035 | _aUPN01000023130 | ||
| 049 | _aCG | ||
| 050 | 4 |
_aD104 _bD8.48 1990 |
|
| 100 | 1 | _aDuby, Georges | |
| 245 | 1 | 0 |
_aEuropa en la Edad Media / _cGeorges Duby ; tr. Luis Morneral y Tejada. |
| 260 |
_aBarcelona (Esp.) ; _aMéxico : _bPaidós, _c1990. |
||
| 300 | _a185 p. | ||
| 440 | 0 |
_aPaidós studio básica ; _v33 |
|
| 651 | 4 |
_aEUROPA - _xHISTORIA _922981 |
|
| 905 | _aLibro | ||
| 999 |
_c23130 _d23130 |
||